000 00554nam a22001937a 4500
003 OSt
020 _a9788192426426
082 _a657.95
_bJES/IN
100 _a Jesey, Chris
245 _aIntroduction to corporate accounting
260 _aNew Delhi
_bRandom Exports
_c2013
300 _a292 pages;
650 _aFinancial statements and auditing
650 _aInternal and Departmental Accounting
650 _aInformation technology
650 _aE-commenrce payment system
650 _aAccounting information system
942 _2ddc
_cBK
999 _c132465
_d132465